The House of the spirits / (Record no. 109448)
[ view plain ]
| 000 -LEADER | |
|---|---|
| fixed length control field | 00629nam a2200157 a 4500 |
| 005 - DATE AND TIME OF LATEST TRANSACTION | |
| control field | 20140414093843.0 |
| 008 - FIXED-LENGTH DATA ELEMENTS--GENERAL INFORMATION | |
| fixed length control field | 090615s19uu xx 00 eng d |
| 050 ## - LIBRARY OF CONGRESS CALL NUMBER | |
| Classification number | DVD 791.43 |
| Item number | HOU 1993 |
| 100 ## - MAIN ENTRY--PERSONAL NAME | |
| Personal name | August, Bille |
| 245 ## - TITLE STATEMENT | |
| Title | The House of the spirits / |
| Statement of responsibility, etc | Bille August. |
| 500 ## - GENERAL NOTE | |
| General note | Running time: 140 mins. approx. |
| 520 ## - SUMMARY, ETC. | |
| Summary, etc | Spanning 3 generations of the Trueba family, this sweeping and brooding melodrama brings together historical events, romance, humour, fantasy, class conflicts, political realism and revenge in twetieth century South America. |
| 650 ## - SUBJECT ADDED ENTRY--TOPICAL TERM | |
| Topical term or geographic name as entry element | Motion pictures. |
| 942 ## - ADDED ENTRY ELEMENTS (KOHA) | |
| Koha item type | Audio Visual Materials |
| Withdrawn status | Lost status | Damaged status | Use restrictions | Home library | Current library | Shelving location | Date acquired | Source of acquisition | Cost, normal purchase price | Total Checkouts | Full call number | Barcode | Date last seen | Price effective from | Koha item type |
|---|---|---|---|---|---|---|---|---|---|---|---|---|---|---|---|
| Luxembourg Library | Luxembourg Library | Audio Visual Material Section | 06/15/2009 | 1043.68 | DVD 791.43 HOU 1993 | AV1095 | 04/14/2014 | 04/14/2014 | Audio Visual Materials |